| 000 | 00859nam a2200265 a 4500 | ||
|---|---|---|---|
| 003 | OSt | ||
| 005 | 20240226145208.0 | ||
| 008 | |||
| 020 | _a0749413131 (paperback) | ||
| 040 |
_cNUST _aNUST _beng _dNUST _erda |
||
| 050 | _aHF5415 VYA | ||
| 100 | 1 | _aVyakarnam, Shailendra. | |
| 245 | 1 | 2 |
_aA marketing action plan for the growing business / _cShailendra Vyakarnam, John W Leppard. |
| 260 |
_aLondon : _bKogan Page, _c©1995. |
||
| 300 |
_a225 pages _billustrations _c22 cm. |
||
| 336 |
_2rdacontent _atext _btxt |
||
| 337 |
_2rdacontent _aunmediated _bn |
||
| 338 |
_2rdacarrier _avolume _bnc |
||
| 440 | 0 | _aBusiness enterprise. | |
| 504 | _aIncludes index | ||
| 650 | 0 |
_aSmall business _xManagement. |
|
| 650 | 0 | _aMarketing. | |
| 700 | 1 | _aLeppard, John. | |
| 942 |
_cBOOKS _kHF _2lcc _hHF5415 VYA _mVYA _n0 |
||
| 999 |
_c143648 _d143648 |
||